Plant Pathogen Identification - Statistics

General Stats
  • This quiz has been taken 7 times
  • The average score is 3 of 6
Answer Stats
Hint Answer % Correct
Nonliving. No cell wall. Not considered cells. Neither Prokaryotic or Eukaryotic. Virus
100%
Living. Has cell wall. Single-celled. Prokaryotic. Bacteria
67%
Living. Has cell wall. Can be single-cell or multi-cell. Eukaryotic. Fungi
67%
Living. Has cell wall. Multi-celled. Eukaryotic. Parasitic Plants
50%
Living. No cell wall. Multi-celled. Eukaryotic. Nematodes
33%
Living. No cell wall. Single-celled. Eukaryotic. Protazoan
0%
No matching quizzes found
Score Distribution
Percent of People with Each Score
Percentile by Number Answered
Your Score History
You have not taken this quiz